|
|
|
|
| LEADER |
00000nam0a2200000 4500 |
| 001 |
299502 |
| 005 |
20231102001217.0 |
| 020 |
|
|
|a RU
|b 82-75844
|
| 035 |
|
|
|a (RuTPU)RU\TPU\book\324654
|
| 090 |
|
|
|a 299502
|
| 100 |
|
|
|a 20150629d1982 km y0rusy5003 ca
|
| 101 |
0 |
|
|a rus
|
| 102 |
|
|
|a RU
|
| 105 |
|
|
|a a z 001zy
|
| 200 |
1 |
|
|a Сложные трубопроводные системы
|f В. В. Грачев [и др.]
|
| 210 |
|
|
|a Москва
|c Недра
|d 1982
|
| 215 |
|
|
|a 256 с.
|c ил.
|
| 320 |
|
|
|a Библиогр.: с. 254
|
| 606 |
1 |
|
|a Трубопроводный транспорт
|x Нефтегазовая промышленность
|2 stltpush
|3 (RuTPU)RU\TPU\subj\61733
|9 78896
|
| 610 |
1 |
|
|a трубопроводные системы
|
| 610 |
1 |
|
|a неустановившиеся режимы
|
| 610 |
1 |
|
|a уравнения
|
| 610 |
1 |
|
|a анализ
|
| 610 |
1 |
|
|a использование
|
| 610 |
1 |
|
|a газ
|
| 610 |
1 |
|
|a неустановившиеся движения
|
| 610 |
1 |
|
|a расчет
|
| 610 |
1 |
|
|a переменные состояния
|
| 675 |
|
|
|a 622.692.4
|v 4
|
| 701 |
|
1 |
|a Грачев
|b В. В.
|g Вениамин Васильевич
|
| 701 |
|
1 |
|a Гусейнзаде
|b М. А.
|g Меджид Азизович
|
| 701 |
|
1 |
|a Ксенз
|b Б. И.
|g Борис Иванович
|
| 701 |
|
1 |
|a Яковлев
|b Е. И.
|g Евгений Ильич
|
| 801 |
|
0 |
|a RU
|b RuMRKP
|c 19950704
|g psbo
|
| 801 |
|
1 |
|a RU
|b 63413507
|c 20150629
|
| 801 |
|
2 |
|a RU
|b 63413507
|c 20170803
|g RCR
|
| 942 |
|
|
|c BK
|